Tratado de arboricultura frutal

Guardat en:
Dades bibliogràfiques
Autor principal: Gil-Albert Velarde, Fernando (autor)
Format: Llibre
Idioma:espanyol
Publicat: Madrid, España Mundi Prensa 1995
Edició:2a. ed
Matèries:
Accés en línia:Disponible Online - v.1
Etiquetes: Afegir etiqueta
Sense etiquetes, Sigues el primer a etiquetar aquest registre!

MARC

LEADER 00000nam a2200000 a 4500
001 UCP4690
003 CL-VaPUC
005 20250310095431.0
008 990813e19950000SP |||||||||||||||||spa|d
999 |c 282592  |d 282590 
040 |c Pontificia Universidad Católica de Valparaíso 
082 0 4 |a 634.04 GIL 1995   |2 21 
100 |a Gil-Albert Velarde, Fernando  |e autor  |9 600550 
245 1 0 |a Tratado de arboricultura frutal 
250 |a 2a. ed 
260 |a Madrid, España   |b Mundi Prensa  |c 1995 
300 |a 5 volúmenes  
505 |a v.1: Morfología y fisiología del árbol frutal v.2: La ecología del árbol frutal v.3: Técnicas de plantación de especies frutales v.4: Técnicas de mantenimiento del suelo en plantaciones frutales v.5: Poda de frutales 
583 |a last modification  |c 19990813 00:00:00  |k Rodrigo Vera 
650 0 |a Arboricultura  |9 403525 
650 0 |a Árboles frutales   |9 264297 
650 0 |a Cubiertas vegetales  |x Frutales   |9 550212 
650 0 |a Mantenimiento de suelos  |9 892638  |x Mulching  
852 |a BIBCUR 
856 |u http://bibliografiaobligatoria.pucv.cl.pucv.idm.oclc.org/index.php/bibliotecapucv/catalog/book/2  |y Disponible Online - v.1  
942 |c BK  |2 ddc 
945 |d 19990813 00:00:00  |a rbrito 
952 |0 0  |1 0  |4 0  |6 634_040000000000000_GIL_1995  |7 0  |8 R  |9 324554  |a BIBAGR  |b BIBAGR  |d 2019-11-20  |h v.4  |i 3471519  |o 634.04 GIL 1995  |p 3471519  |r 2025-01-20  |w 2019-11-20  |y BK_R  |k AGR 
952 |0 0  |1 0  |4 0  |6 634_040000000000000_GIL_1995  |7 0  |8 R  |9 324555  |a BIBAGR  |b BIBAGR  |d 2019-11-20  |h v.4  |i 3471527  |o 634.04 GIL 1995  |p 3471527  |r 2025-01-20  |w 2019-11-20  |y BK_R  |k AGR 
952 |0 0  |1 0  |4 0  |6 634_040000000000000_GIL_1995  |7 0  |8 R  |9 324556  |a BIBAGR  |b BIBAGR  |d 2019-11-20  |h v.4  |i 3471535  |o 634.04 GIL 1995  |p 3471535  |r 2025-01-20  |w 2019-11-20  |y BK_R  |k AGR 
952 |0 0  |1 0  |4 0  |6 634_040000000000000_GIL_1995  |7 0  |8 R  |9 324557  |a BIBAGR  |b BIBAGR  |d 2019-11-20  |h v.5  |i 3471543  |o 634.04 GIL 1995  |p 3471543  |r 2025-01-20  |w 2019-11-20  |y BK_R  |k AGR 
952 |0 0  |1 0  |4 0  |6 634_040000000000000_GIL_1995  |7 0  |8 R  |9 324558  |a BIBAGR  |b BIBAGR  |d 2019-11-20  |h v.5  |i 3471551  |o 634.04 GIL 1995  |p 3471551  |r 2025-01-20  |w 2019-11-20  |y BK_R  |k AGR 
952 |0 0  |1 0  |4 0  |6 634_040000000000000_GIL_1995  |7 0  |8 R  |9 324559  |a BIBAGR  |b BIBAGR  |d 2019-11-20  |h v.5  |i 347156K  |o 634.04 GIL 1995  |p 347156K  |r 2025-01-20  |w 2019-11-20  |y BK_R  |k AGR 
952 |0 0  |1 0  |4 0  |6 634_040000000000000_GIL_1995  |7 0  |8 R  |9 324560  |a BIBAGR  |b BIBAGR  |d 2019-11-20  |h v.5  |i 3471578  |o 634.04 GIL 1995  |p 3471578  |r 2025-01-20  |w 2019-11-20  |y BK_R  |k AGR 
952 |0 0  |1 0  |4 0  |6 634_040000000000000_GIL_1995  |7 0  |8 R  |9 324561  |a BIBAGR  |b BIBAGR  |d 2019-11-20  |h v.4  |i 3743314  |o 634.04 GIL 1995  |p 3743314  |r 2025-01-20  |w 2019-11-20  |y BK_R  |k AGR 
952 |0 0  |1 0  |4 0  |6 634_040000000000000_GIL_1995  |7 0  |8 R  |9 324562  |a BIBAGR  |b BIBAGR  |d 2019-11-20  |h v.4  |i 4621239  |o 634.04 GIL 1995  |p 4621239  |r 2025-01-20  |w 2019-11-20  |y BK_R  |k AGR 
952 |0 0  |1 0  |4 0  |6 634_040000000000000_GIL_1995  |7 0  |8 R  |9 324563  |a BIBAGR  |b BIBAGR  |d 2019-11-20  |h v.4  |i 4621247  |l 1  |o 634.04 GIL 1995  |p 4621247  |r 2025-01-20  |s 2022-10-06  |w 2019-11-20  |y BK_R  |k AGR 
952 |0 0  |1 0  |4 0  |6 634_040000000000000_GIL_1995  |7 0  |8 R  |9 324564  |a BIBAGR  |b BIBAGR  |d 2019-11-20  |h v.4  |i 4621255  |o 634.04 GIL 1995  |p 4621255  |r 2025-01-20  |w 2019-11-20  |y BK_R  |k AGR 
952 |0 0  |1 0  |4 0  |6 634_040000000000000_GIL_1995  |7 0  |8 R  |9 324565  |a BIBAGR  |b BIBAGR  |d 2019-11-20  |h v.4  |i 4621263  |o 634.04 GIL 1995  |p 4621263  |r 2025-01-20  |w 2019-11-20  |y BK_R  |k AGR 
952 |0 0  |1 1  |2 ddc  |4 0  |6 634_040000000000000_GIL_1995  |7 0  |8 R  |9 324566  |a BIBAGR  |b BIBAGR  |d 2019-11-20  |h v.4  |i 4621271  |o 634.04 GIL 1995  |p 4621271  |r 2019-11-20  |w 2019-11-20  |y BK_R  |k AGR